000 00958nam a22002417a 4500
999 _c65667
_d65667
005 20240530110837.0
008 191117s2004 ua a f b 00| 0 ara d
017 _a2003/14897
_bمصر. دار الكتب
040 _aEG-CaGPL
_cEG-CaGPL
082 _221
_a610.932
_bق/ا ط
100 1 _aاليوا ، برونو
245 1 2 _aالطب فى زمن الفراعنة /
_cتاليف برونوا اليوا ؛ تصدير دانييل سوليى ؛ ترجمة كمال السيد
250 _aط. 1
260 _aالقاهرة :
_bالمجلس الاعلى للثقافة،
_c2004
300 _a572 ص. :
_bايض. ؛
_c24 سم .
650 0 7 _2qrmak
_aالطب
_vالممارسة الطبية
_yالفراعنة
651 _2qrmak
653 _aالطب المصرى القديم
700 1 _aسوليى دانييل
_eمصدر
700 1 _aكمال السيد
_eمترجم
942 _2ddc
_cBK